01405 2200349 4500001002100000005001500021035002000036008004100056020001800097041000800115082001000123084001600133100001800149245006700167260003400234300003200268520039600300650002400696700003500720990002500755990002500780990002500805990002500830990002500855990002500880990002500905990002500930990002500955990002500980990002501005990002501030INLIS00000000000727820221110105453 a0010-0520007278221110 | | ind  a979-523-574-5 aind a658.3 a658.3 HOW e0 aHoward, Simon1 aEssential Managers :bCreating A Successful CV /cSimon Howard aJakarta :bDian Rakyat,c2004 a72 p. :b: illus. ;c18 cm. aCreating a successful CV menguraikan tentang membuat dan menggunakan CV, dari meringkas prestasi sampai menargetkan perusahaan potensial dan menjawab iklan lowongan kerja. Disertai teknik-teknik praktis untuk menyeleksi dan mempresentasikan informasi dan menciptakan kesan yang benar, yang berguna untuk mengembangkan kemampuan presentasi mengenai CV yang dapat memenangkan sebuah kompetisi. 4aPegawai - Manajemen0 aCristian Iskandar [Penerjemah] a14688/MKRI-P/XI-2009 a14689/MKRI-P/XI-2009 a14687/MKRI-P/XI-2009 a14689/MKRI-P/XI-2009 a14688/MKRI-P/XI-2009 a14687/MKRI-P/XI-2009 a14688/MKRI-P/XI-2009 a14689/MKRI-P/XI-2009 a14687/MKRI-P/XI-2009 a14687/MKRI-P/XI-2009 a14688/MKRI-P/XI-2009 a14689/MKRI-P/XI-2009